Operations research (Record no. 8475)

MARC details
000 -LEADER
fixed length control field 00481nam a2200181Ia 4500
008 - FIXED-LENGTH DATA ELEMENTS--GENERAL INFORMATION
fixed length control field 230917s9999||||xx |||||||||||||| ||und||
020 ## - ISBN
Price RS 640.00
040 ## - CATALOGING SOURCE
-- 5010492
Original cataloging agency VIVEKANANDA LIBRARY
041 ## - Language
-- English
082 ## - DDC NUMBER
Classification number 6584034 G552O(31)
100 ## - MAIN ENTRY--PERSONAL NAME
Personal name Goel, B S
245 #0 - TITLE STATEMENT
Title Operations research
250 ## - EDITION STATEMENT
Edition statement 31st ed.
260 ## - PUBLICATION, DISTRIBUTION, ETC. (IMPRINT)
Place of publication, distribution, etc Meerut
Name of publisher, distributor, etc Pragati Prakashan
Date of publication, distribution, etc 2020
300 ## - PHYSICAL DESCRIPTION
Pages xii, 1072 p.
500 ## - GENERAL NOTE
General note 5014 06/01/2023 HBD23/9784 09/03/2023 IMSAR (Dev. & Research)
942 ## - ADDED ENTRY ELEMENTS (KOHA)
Koha item type Books
Holdings
Withdrawn status Lost status Damaged status Not for loan Location (home branch) Sublocation or collection (holding branch) Shelving location Date acquired Koha issues (times borrowed) Koha full call number Accession No. Koha date last seen Koha item type
        VIVEKANANDA LIBRARY VIVEKANANDA LIBRARY IMSAR Library 17/03/2023 1 6584034 G552O(31) 403875 21/05/2024 Books
        VIVEKANANDA LIBRARY VIVEKANANDA LIBRARY IMSAR Library 17/03/2023   6584034 G552O(31) 403876 17/09/2023 Books
        VIVEKANANDA LIBRARY VIVEKANANDA LIBRARY IMSAR Library 17/03/2023   6584034 G552O(31) 403877 17/09/2023 Books
        VIVEKANANDA LIBRARY VIVEKANANDA LIBRARY IMSAR Library 17/03/2023 1 6584034 G552O(31) 403878 26/04/2024 Books
        VIVEKANANDA LIBRARY VIVEKANANDA LIBRARY IMSAR Library 17/03/2023   6584034 G552O(31) 403879 17/09/2023 Books
        VIVEKANANDA LIBRARY VIVEKANANDA LIBRARY   17/03/2023 1 6584034 G552O(31) 406582 25/01/2025 Books
        VIVEKANANDA LIBRARY VIVEKANANDA LIBRARY   17/03/2023 1 6584034 G552O(31) 406583 14/01/2025 Books
        VIVEKANANDA LIBRARY VIVEKANANDA LIBRARY   17/03/2023   6584034 G552O(31) 406584 17/09/2023 Books
© Designed and Maintained by Vivekananda Library, MDU Rohtak